| 000 | 00545nam a2200193 4500 | ||
|---|---|---|---|
| 001 | 115817 | ||
| 003 | ES-MaACL | ||
| 007 | t| | ||
| 008 | 061121s1973 fr r ||||1| fre d | ||
| 020 | _a2-7556-5746-0 | ||
| 100 | 1 |
_aOmnes, Roland. _9184483 |
|
| 245 | 1 | 2 |
_aL'Univers et ses métamorphoses / _cRoland Omnes. |
| 260 |
_aParÃs : _bHermann, _cD.L. 1973 (1975 reimp. |
||
| 300 |
_a183 p. ; _c21 cm. |
||
| 490 | 1 | _aCollection Savoir | |
| 830 | 0 |
_aCollection Savoir _9233274 |
|
| 852 |
_aES-MaACL _jG-12605 _bR.114811 |
||
| 999 |
_c115817 _d115817 |
||